01588nam a2200421 i 450000100060000000300080000600500170001400600190003100700150005000800410006502000180010602000270012403500230015103500240017403500250019803500220022304000310024505000210027608000120029708200170030910000320032624501020035826400430046030000640050333600310056733700330059833800430063150400290067458801270070359001640083065000120099465000220100665000130102865500270104179700190106885600620108799900170114949417FlNmELB20241216232028.0m o d | cr cnu||||||||180110s2010 sp a ob 000 0 spa d z9788498237009 a9788498237115 (e-book) a(MiAaPQ)EBC5102670 a(Au-PeEL)EBL5102670 a(CaPaEBR)ebr11453336 a(OCoLC)1105412906 aFINmELBbspaerdacFINmELB 4aGV995bB486 2010 a796.3420 a796.34222231 aBerdejo del Fresno, Daniel.10aJóvenes tenistas :bcondición física y composición corporal /cDaniel Berdejo del Fresno. 1aSevilla :bWanceulen Editorial,c2010. a1 recurso en línea (170 páginas) :bilustraciones color atextobtxt2rdacontent/spa acomputadorabc2rdamedia/spa arecurso en líneabcr2rdacarrier/spa aContiene bibliografía. aDescripción basada en recurso en línea; Título de la página del título en PDF (e-libro, visto January 10, 2018). aRecurso electrónico. Santa Fe, Arg.: e-libro, 2018. Disponible vía World Wide Web. El acceso puede estar limitado para las bibliotecas afiliadas a e-libro. 0aTennis. 0aPhysical fitness. 4aDeporte. 4aLibros electrónicos.2 ae-libro, Corp.40uhttps://elibro.net/ereader/politecnicointernacional/33748 c49417d49417